000
00209nam a2200097 a 4500
005
20140414132050.0
008
110330s19uu xx 00 eng d
050
_a
P
_b
FLO
245
_a
Flowers.
999
_c
114131
_d
114131